000 00210 a2200109 4500
020 _a9789680104277
041 _aspa
100 _aHanashima, Mikiko
245 _aMontanas en Lucha
942 _cBK
952 _74
999 _c16616
_d16616